[Event "Sibiria Region-ch"]
[Site "Novokuznetsk"]
[Date "2008.03.21"]
[Round "9"]
[White "Efimov, Nikita"]
[Black "Pakhomov, Egor"]
[Result "1-0"]
[WhiteElo "2209"]
[BlackElo "2100"]
[PlyCount "127"]
[EventDate "2008.03.13"]
[EventType "swiss"]
[EventRounds "9"]
[EventCountry "RUS"]
[SourceTitle "CBM 123 Extra"]
[Source "ChessBase"]
[SourceDate "2008.05.06"]
[SourceVersion "1"]
[SourceVersionDate "2008.05.06"]
[SourceQuality "1"]

1. c4 Nf6 2. Nc3 g6 3. d4 Bg7 4. e4 d6 5. Nf3 0-0 6. Be2 Na6 7. 0-0 e5 8. Be3 Qe8 9. dxe5 dxe5 10. h3 Nh5 11. a3 Nf4 12. b4 Ne6 13. Rc1 c6 14. Qd2 Qe7 15. Bg5 Nxg5 16. Qxg5 Qxg5 17. Nxg5 Bh6 18. f4 f6 19. Nf3 Bxf4 20. Rcd1 Be6 21. Rd6 Nc7 22. Rfd1 a5 23. b5 Be3+ 24. Kh2 Bc5 25. b6 Bxb6 26. Na4 Ba7 27. R1d2 Rfe8 28. c5 Kf7 29. Nb6 Rab8 30. g4 g5 31. a4 Na8 32. Nd7 Rbc8 33. Ndxe5+ fxe5 34. Nxg5+ Kf6 35. Bc4 Kxg5 36. Bxe6 Rb8 37. Kg3 Kf6 38. Bd7+ Kf7 39. Bxe8+ Rxe8 40. Rb2 Bxc5 41. Rxb7+ Re7 42. Rxe7+ Kxe7 43. Rxc6 Bb4 44. Rh6 Kf8 45. g5 Nc7 46. Rxh7 Ne6 47. Kg4 Nc5 48. Kf5 Nxa4 49. Kf6 Kg8 50. Rc7 Bf8 51. g6 Nc5 52. g7 Nxe4+ 53. Kg6 Nd6 54. gxf8Q+ Kxf8 55. Ra7 Nc4 56. Kf5 Kg8 57. h4 Kf8 58. h5 Kg8 59. h6 e4 60. Kxe4 Nd6+ 61. Kf4 a4 62. Kg5 Nf7+ 63. Kf6 Nxh6 64. Kg6 1-0

[Event "Sibiria Region-ch"]
[Site "Novosibirsk"]
[Date "2003.??.??"]
[Round "8"]
[White "Efimov, Nikita"]
[Black "Kartashov, Dmitry"]
[Result "1/2-1/2"]
[WhiteElo "2219"]
[BlackElo "2069"]
[PlyCount "110"]
[EventDate "2003.05.??"]
[EventType "swiss"]
[EventRounds "9"]
[EventCountry "RUS"]
[SourceTitle "EXT 2008"]
[Source "ChessBase"]
[SourceDate "2007.11.25"]
[SourceVersion "1"]
[SourceVersionDate "2007.11.25"]
[SourceQuality "1"]

1. e4 c5 2. Nc3 e6 3. g3 Nc6 4. Bg2 Nf6 5. f4 d5 6. e5 Nd7 7. Nf3 Be7 8. 0-0 0-0 9. d3 f6 10. exf6 Bxf6 11. Re1 Nd4 12. Nxd4 cxd4 13. Nb1 Re8 14. Nd2 Nf8 15. Nf3 Ng6 16. Qe2 Bd7 17. Qf2 Qb6 18. b3 Rac8 19. Bb2 Qc5 20. Re2 e5 21. fxe5 Nxe5 22. Nxe5 Bxe5 23. Rxe5 Rxe5 24. Bxd4 Qe7 25. Bxe5 Qxe5 26. Re1 Qd6 27. Qd4 Rxc2 28. Qxd5+ Qxd5 29. Bxd5+ Kf8 30. Rf1+ Ke8 31. Rf2 Rc1+ 32. Kg2 Bc6 33. Bxc6+ Rxc6 34. Kf3 Ke7 35. d4 Rc1 36. Ke4 Re1+ 37. Kd5 Re3 38. Rf4 Rc3 39. Re4+ Kd7 40. Rg4 g6 41. Rh4 h5 42. g4 hxg4 43. Rxg4 Rc6 44. Rh4 Rd6+ 45. Kc4 Rc6+ 46. Kd3 Rc1 47. Rh7+ Kc6 48. d5+ Kb6 49. Rg7 Rg1 50. h3 a5 51. a4 g5 52. Kc4 Rc1+ 53. Kd4 Rd1+ 54. Kc4 Rc1+ 55. Kd4 Rd1+ 1/2-1/2

[Event "Sibiria Region-ch"]
[Site "Novosibirsk"]
[Date "2003.??.??"]
[Round "1"]
[White "Kazakov, Peter"]
[Black "Efimov, Nikita"]
[Result "1/2-1/2"]
[WhiteElo "2423"]
[BlackElo "2219"]
[PlyCount "53"]
[EventDate "2003.05.??"]
[EventType "swiss"]
[EventRounds "9"]
[EventCountry "RUS"]
[SourceTitle "EXT 2008"]
[Source "ChessBase"]
[SourceDate "2007.11.25"]
[SourceVersion "1"]
[SourceVersionDate "2007.11.25"]
[SourceQuality "1"]

1. d4 g6 2. c4 Bg7 3. Nc3 d6 4. Nf3 Nf6 5. g3 0-0 6. Bg2 Nbd7 7. 0-0 e5 8. dxe5 dxe5 9. h3 Re8 10. Be3 Qe7 11. Nd2 c6 12. Rc1 Nf8 13. c5 Rd8 14. Bg5 Ne6 15. Bxf6 Bxf6 16. Nce4 Bg7 17. b4 Bh6 18. e3 Ng5 19. Nxg5 Bxg5 20. Rc2 Bf5 21. e4 Be6 22. Qe2 Bxd2 23. Rxd2 Rxd2 24. Qxd2 Rd8 25. Qb2 Rd4 26. f4 Qd7 27. Kh2 1/2-1/2

[Event "RUS-ch Schools"]
[Site "Novokuznetsk"]
[Date "2001.??.??"]
[Round "8"]
[White "Barabash, Viktor"]
[Black "Efimov, Nikita"]
[Result "1-0"]
[WhiteElo "2385"]
[BlackElo "2226"]
[PlyCount "71"]
[EventDate "2001.10.??"]
[EventType "swiss"]
[EventRounds "9"]
[EventCountry "RUS"]
[SourceTitle "CBM 085 Extra"]
[Source "ChessBase"]
[SourceDate "2002.01.21"]
[SourceVersion "1"]
[SourceVersionDate "2002.01.21"]
[SourceQuality "1"]

1. d4 g6 2. c4 Bg7 3. Nf3 d6 4. Nc3 Nf6 5. e4 0-0 6. Be2 e5 7. 0-0 Nc6 8. d5 Ne7 9. b4 Nh5 10. Re1 f5 11. g3 Nf6 12. Nd2 h5 13. a4 f4 14. c5 Ng4 15. Nf3 Bh6 16. h3 Nf6 17. h4 Qd7 18. Nh2 Ng4 19. Nxg4 hxg4 20. Qc2 Qd8 21. Ra3 g5 22. hxg5 Bxg5 23. cxd6 cxd6 24. Nb5 Rf6 25. Nc7 Bd7 26. Ne6 Bxe6 27. dxe6 Qb6 28. Bxg4 fxg3 29. Rxg3 Rc8 30. Qb2 Rxc1 31. Rxc1 Bxc1 32. Bf5+ Rg6 33. Rxg6+ Nxg6 34. Qxc1 Nf4 35. Qc8+ Kg7 36. e7 1-0

[Event "RUS-ch Schools"]
[Site "Novokuznetsk"]
[Date "2001.??.??"]
[Round "2"]
[White "Sitnikov, Dmitrij"]
[Black "Efimov, Nikita"]
[Result "1-0"]
[WhiteElo "2378"]
[BlackElo "2226"]
[PlyCount "77"]
[EventDate "2001.10.??"]
[EventType "swiss"]
[EventRounds "9"]
[EventCountry "RUS"]
[SourceTitle "CBM 085 Extra"]
[Source "ChessBase"]
[SourceDate "2002.01.21"]
[SourceVersion "1"]
[SourceVersionDate "2002.01.21"]
[SourceQuality "1"]

1. e4 g6 2. d4 Bg7 3. Nc3 d6 4. g3 Nf6 5. Bg2 0-0 6. Nge2 c6 7. 0-0 e5 8. a4 Bg4 9. f3 Be6 10. Be3 Nbd7 11. d5 cxd5 12. exd5 Bf5 13. h3 Nb6 14. b3 h5 15. a5 Nc8 16. Ne4 Ne7 17. c4 Bc8 18. Ra2 Nxe4 19. fxe4 f5 20. Bg5 Bf6 21. Qd2 Bd7 22. Bxf6 Rxf6 23. Qg5 Qf8 24. Nc3 Qg7 25. Raf2 Raf8 26. Kh2 R8f7 27. exf5 Rxf5 28. Rxf5 gxf5 29. Qxh5 Be8 30. Qe2 Rf6 31. Qf2 Rg6 32. Ne2 Bd7 33. Qxa7 f4 34. Qf2 Nf5 35. gxf4 Ne3 36. Qxe3 Rxg2+ 37. Kh1 exf4 38. Nxf4 Rg3 39. Qxg3 1-0

[Event "RUS-ch Schools"]
[Site "Novokuznetsk"]
[Date "2001.??.??"]
[Round "4"]
[White "Synbulatov, Vladimir"]
[Black "Efimov, Nikita"]
[Result "1-0"]
[WhiteElo "2257"]
[BlackElo "2226"]
[PlyCount "53"]
[EventDate "2001.10.??"]
[EventType "swiss"]
[EventRounds "9"]
[EventCountry "RUS"]
[SourceTitle "CBM 085 Extra"]
[Source "ChessBase"]
[SourceDate "2002.01.21"]
[SourceVersion "1"]
[SourceVersionDate "2002.01.21"]
[SourceQuality "1"]

1. d4 g6 2. c4 Bg7 3. Nc3 d6 4. e4 Nf6 5. f4 0-0 6. Nf3 c5 7. d5 e6 8. Be2 exd5 9. cxd5 b5 10. e5 dxe5 11. fxe5 Ng4 12. Bg5 Qa5 13. 0-0 Nxe5 14. Nxe5 Bxe5 15. Be7 Re8 16. d6 Bd4+ 17. Kh1 Nc6 18. Bxb5 Nxe7 19. Bxe8 Nf5 20. d7 Bb7 21. Rxf5 gxf5 22. Qb3 Bxg2+ 23. Kxg2 Kh8 24. Qxf7 Bg7 25. Rg1 Qb4 26. Kh1 Qd4 27. Qe7 1-0